Concurso público internacional de ideas: Plan Maestro Eje Bulnes 2013

Saved in:
書目詳細資料
企業作者: Presidencia de la República (Author)
格式: 圖書
語言:西班牙语
出版: Santiago Presidencia de la República 2013
版:1a. ed
叢編:Legado Bicentenario. Obras. Patrimonio. Cultura, 2010-2014
主題:
標簽: 添加標簽
沒有標簽, 成為第一個標記此記錄!

MARC

LEADER 00000cam a2200000 a 4500
001 UCE4581
003 CL-VaPUC
008 141030e20130000cl |||||||||||||||||spa|d
082 0 4 |a 720.288  |b PRE  |2 21 
110 2 |a Presidencia de la República  |e author  |9 577129 
245 1 0 |a Concurso público internacional de ideas: Plan Maestro Eje Bulnes 2013 
250 |a 1a. ed 
300 |a 159 p 
942 |c BK 
945 |d 20141030 14:13:00  |a arojas 
260 |a Santiago  |b Presidencia de la República  |c 2013 
650 0 |a Patrimonio arquitectónico  |9 488599 
650 0 |a Patrimonio cultural  |9 309364 
650 0 |a Restauración arquitectónica  |9 433759 
650 0 |a Monumentos nacionales   |9 384334 
651 0 |a Santiago  |9 265444 
583 |a last modification  |c 20141030 14:13:00  |k Rodrigo Vera 
490 0 |a Legado Bicentenario. Obras. Patrimonio. Cultura, 2010-2014 
999 |c 357475  |d 357473 
952 |0 0  |1 0  |3 erd  |4 0  |6 720_288000000000000_PRE_2013  |7 0  |8 A  |9 465478  |a BIBARQ  |b BIBARQ  |i 5121892  |o 720.288 PRE 2013  |p 5121892  |r 2025-01-20  |w 2019-11-23  |y BK  |z Catalogado en:20141030  |k ARQ